Normal view
MARC view
- Maj Shahzad Ul Hassan Aamir
Entry Personal Name
001 - CONTROL NUMBER
- control field: 48276
003 - CONTROL NUMBER IDENTIFIER
- control field: NUST
005 - DATE AND TIME OF LATEST TRANSACTION
- control field: 20210314134021.0
008 - FIXED-LENGTH DATA ELEMENTS
- fixed length control field: 210314|| aca||aabn | a|a d
040 ## - CATALOGING SOURCE
- Original cataloging agency: NUST
- Transcribing agency: NUST
100 ## - HEADING--PERSONAL NAME
- Personal name: Maj Shahzad Ul Hassan Aamir
670 ## - SOURCE DATA FOUND
- Source citation: Work cat.: (NUST): PC Saad Athar Rashid 48275, Preparation of fiber reinforced concrete using locally available material, 2011
